Marina AbramovicÌ / (Record no. 353234)
[ view plain ]
| 000 -LEADER | |
|---|---|
| fixed length control field | 01718 a2200361 4500 |
| 003 - CONTROL NUMBER IDENTIFIER | |
| control field | OSt |
| 005 - DATE AND TIME OF LATEST TRANSACTION | |
| control field | 20180116192359.0 |
| 008 - FIXED-LENGTH DATA ELEMENTS--GENERAL INFORMATION | |
| fixed length control field | 120702t xxu||||| |||| 00| 0 eng d |
| 010 ## - LIBRARY OF CONGRESS CONTROL NUMBER | |
| LC control number | 2010283090 |
| 020 ## - INTERNATIONAL STANDARD BOOK NUMBER | |
| International Standard Book Number | 9780714848020 |
| 020 ## - INTERNATIONAL STANDARD BOOK NUMBER | |
| International Standard Book Number | 0714848026 |
| 024 8# - OTHER STANDARD IDENTIFIER | |
| Standard number or code | 40016133612 |
| 035 ## - SYSTEM CONTROL NUMBER | |
| System control number | (OCoLC)ocn179794112 |
| 040 ## - CATALOGING SOURCE | |
| Transcribing agency | 0 |
| 082 00 - DEWEY DECIMAL CLASSIFICATION NUMBER | |
| Classification number | 709.2 |
| 100 1# - MAIN ENTRY--PERSONAL NAME | |
| Personal name | Stiles, Kristine. |
| 9 (RLIN) | 4990 |
| 245 10 - TITLE STATEMENT | |
| Title | Marina AbramovicÌ / |
| Statement of responsibility, etc. | Kristine Stiles, Klaus Biesenbach, Chrissie Iles. |
| 260 ## - PUBLICATION, DISTRIBUTION, ETC. | |
| Place of publication, distribution, etc. | London ; |
| -- | New York, NY : |
| Name of publisher, distributor, etc. | Phaidon, |
| Date of publication, distribution, etc. | 2008. |
| 300 ## - PHYSICAL DESCRIPTION | |
| Extent | 158 p. : |
| Other physical details | ill. (some col.) ; |
| Dimensions | 29 cm. |
| 440 #0 - SERIES STATEMENT/ADDED ENTRY--TITLE | |
| Title | Contemporary artists |
| 9 (RLIN) | 4991 |
| 520 ## - SUMMARY, ETC. | |
| Summary, etc. | Since the early 1970's, Marina Abramovic has pioneered the use of performance as a visual art form, exploring her physical and emotional limits in some of the most iconic works in contemporary art. Her body is her primary subject and medium, from the early sound-based performances in her native Yugoslavia, to her collaborative works with German artists Ulay (Frank Uwe Laysiepen), her videos exploring her Balkan heritage, and most recently her re-enactments of hisorical performaces by fellow artists such as Vito Acconci, Bruce Nauman and Valie Export. |
| 600 10 - SUBJECT ADDED ENTRY--PERSONAL NAME | |
| Personal name | Abramovic, Marina |
| General subdivision | Criticism and interpretation. |
| 9 (RLIN) | 4992 |
| 600 10 - SUBJECT ADDED ENTRY--PERSONAL NAME | |
| Personal name | Abramovic, Marina |
| 9 (RLIN) | 4993 |
| 600 10 - SUBJECT ADDED ENTRY--PERSONAL NAME | |
| Personal name | Abramovic, Marina, |
| Dates associated with a name | 1946- |
| 9 (RLIN) | 4994 |
| 600 10 - SUBJECT ADDED ENTRY--PERSONAL NAME | |
| Personal name | AbramovicÌ, Marina |
| 9 (RLIN) | 4995 |
| 650 #0 - SUBJECT ADDED ENTRY--TOPICAL TERM | |
| Topical term or geographic name entry element | Installations (Art) |
| 9 (RLIN) | 4996 |
| 650 #0 - SUBJECT ADDED ENTRY--TOPICAL TERM | |
| Topical term or geographic name entry element | Performance art. |
| 9 (RLIN) | 4997 |
| 700 1# - ADDED ENTRY--PERSONAL NAME | |
| Personal name | Abramovic, Marina. |
| 9 (RLIN) | 4998 |
| 700 1# - ADDED ENTRY--PERSONAL NAME | |
| Personal name | Biesenbach, Klaus. |
| 9 (RLIN) | 4999 |
| 700 1# - ADDED ENTRY--PERSONAL NAME | |
| Personal name | Iles, Chrissie. |
| 9 (RLIN) | 5000 |
| 942 ## - ADDED ENTRY ELEMENTS (KOHA) | |
| Institution code [OBSOLETE] | SADA |
| Koha item type | Book |
| Call number prefix | 709.2 STI 2008 |
| Source of classification or shelving scheme | |
| 952 ## - LOCATION AND ITEM INFORMATION (KOHA) | |
| -- | BOOK |
| Withdrawn status | Lost status | Source of classification or shelving scheme | Damaged status | Not for loan | Permanent Location | Current Location | Date acquired | Total Checkouts | Full call number | Barcode | Date last seen | Date last checked out | Cost, replacement price | Price effective from | Koha item type |
|---|---|---|---|---|---|---|---|---|---|---|---|---|---|---|---|
| School of Art Design and Architecture (SADA) | School of Art Design and Architecture (SADA) | 06/28/2011 | 2 | 709.2 STI 2008 | SADA0001415 | 03/05/2015 | 02/24/2015 | 2688.00 | 08/05/2011 | Book |
